| 000 | 00346nam a2200145 4500 | ||
|---|---|---|---|
| 003 | OSt | ||
| 008 | 250128b |||||||| |||| 00| 0 eng d | ||
| 020 | _a9789382332336 | ||
| 100 | _aALAM, S. N. | ||
| 245 | _aUnderstanding MATLAB A Textbook for Beginners | ||
| 260 |
_aNew Delhi _bWiley _c2019 |
||
| 300 | _a315 | ||
| 650 | _aIT | ||
| 942 |
_2ddc _cBK |
||
| 999 |
_c13031 _d13031 |
||